000 00344 a2200169 4500
001 184848
020 _a85-322-3801-07
040 _cMagnum
100 _aRennĂ³, Regina Coeli
240 1 0 _a500 Anos
_lpor
245 1 0 _a500 Anos
300 _a35
362 0 _a1999
440 1 _aFTD
697 _aLITERATURA INFANTO-JUVENIL
942 _cBK
999 _c184848
_d184848